Normal view
MARC view
Entry Personal Name
001 - CONTROL NUMBER
- control field: 51388
003 - CONTROL NUMBER IDENTIFIER
- control field: ARRUPE
005 - DATE AND TIME OF LATEST TRANSACTION
- control field: 20220504080211.0
008 - FIXED-LENGTH DATA ELEMENTS
- fixed length control field: 220504|| aca||aabn | a|a d
040 ## - CATALOGING SOURCE
- Original cataloging agency: ARRUPE
- Transcribing agency: ARRUPE
100 ## - HEADING--PERSONAL NAME
- Personal name: Barer, Shlomo,
- Dates associated with a name: 1919-
670 ## - SOURCE DATA FOUND
- Source citation: Work cat.: (ARRUPE)131332: Barer, Shlomo, 1919-, The doctors of revolution :, 2000.